000 00478nam a22001577a 4500
999 _c7767
_d7765
005 20210325114257.0
008 210325b ||||| |||| 00| 0 eng d
082 _a345.408 23
100 _aMANOHAR AND CHITALEY
_96503
245 _aTHE AIR MANUAL CIVIL AND CRIMINAL MEDICAL COUNCIL ACT,[1956] TO MOTOR TRANSPORT WORKERS ACT, [1961] VOL-33
250 _a6th, ed.
260 _aNAGPUR
_bTHE ALL INDIA REPORTER PVT.LTD.
300 _a1144,p
650 _aLAW
_95701
942 _cJRL